Sports Quiz

Random Sports or MLB Quiz

MLB - 100 Wins on One Team since 1950 (NL) Quiz Stats

Quiz not verified by Sporcle

Challenge
Share
Tweet
Embed
Score 0/71 Timer 10:00
0 Plays Today
Team Pitcher % Correct
BravesGreg Maddux
97.3%
CubsGreg Maddux
97.3%
BravesTom Glavine
96.7%
BravesJohn Smoltz
96.3%
DodgersSandy Koufax
95.2%
DiamondbacksRandy Johnson
92.9%
MetsTom Seaver
92.2%
CardinalsBob Gibson
91.4%
PhilliesSteve Carlton
91.1%
DodgersDon Drysdale
90.5%
BravesWarren Spahn
90.1%
BravesPhil Niekro
87.5%
CardinalsAdam Wainwright
87.2%
GiantsTim Lincecum
86.7%
GiantsJuan Marichal
86.6%
DodgersDon Sutton
86.2%
MetsDwight Gooden
85.9%
PhilliesCole Hamels
85.3%
DodgersFernando Valenzuela
83.6%
GiantsMadison Bumgarner
83%
DodgersOrel Hershiser
82.3%
CubsFerguson Jenkins
82%
CubsCarlos Zambrano
77.3%
PhilliesCurt Schilling
73.3%
DodgersRamon Martinez
72.9%
NationalsDennis Martinez
72.8%
PhilliesRobin Roberts
72.1%
BravesTim Hudson
70.2%
MetsJerry Koosman
65.4%
GiantsGaylord Perry
64.1%
NationalsSteve Rogers
63.6%
RedsBronson Arroyo
63.2%
DodgersDon Newcombe
55.1%
BravesJohnny Sain
53.3%
CubsRick Reuschel
52.7%
GiantsMatt Cain
51.8%
Team Pitcher % Correct
RedsMario Soto
50.7%
RedsTom Browning
49.9%
CardinalsBob Forsch
49.1%
CardinalsMatt Morris
49.1%
PiratesJohn Candelaria
43%
PadresEric Show
43%
DodgersBob Welch
42.4%
CardinalsLarry Jackson
41.2%
DodgersClayton Kershaw
37.5%
PiratesBob Friend
33.5%
PiratesVern Law
32.3%
DodgersJohnny Podres
31.9%
RedsJim Maloney
31.9%
BravesLew Burdette
31.6%
DodgersBurt Hooton
31.4%
RedsGary Nolan
30.5%
DodgersClaude Osteen
30.4%
PiratesSteve Blass
29.1%
BrewersMike Caldwell
28.5%
PhilliesChris Short
24.9%
RedsJoe Nuxhall
24.3%
PiratesBob Veale
24.1%
PiratesRoy Face
23.3%
BrewersJim Slaton
23.2%
GiantsKirk Rueter
21.4%
GiantsMike McCormick
21%
PhilliesCurt Simmons
20%
DodgersCarl Erskine
17.9%
GiantsJohnny Antonelli
15.6%
CardinalsHarry Brecheen
11.6%
BravesBob Buhl
11%
RedsBob Purkey
11%
GiantsLarry Jansen
6.7%
CardinalsMax Lanier
5.2%
CubsBob Rush
4.4%

You're not logged in!

Compare scores with friends on all Sporcle quizzes.
Sign Up with Email
OR
Log In

Show Comments

Extras

Top Quizzes Today


Score Distribution

Your Account Isn't Verified!

In order to create a playlist on Sporcle, you need to verify the email address you used during registration. Go to your Sporcle Settings to finish the process.

Report this User

Report this user for behavior that violates our Community Guidelines.

Details: